Howling - Noah Kahan (All Lyrics) - Statistics

General Stats
  • This quiz has been taken 62 times
  • The average score is 303 of 382
Answer Stats
Lyrics % Correct
Howling
100%
a
97%
the
97%
I
93%
me
93%
me?
93%
who
93%
And,
90%
And
90%
and
90%
But
90%
but
90%
you
90%
am
86%
Am
86%
be
86%
can
86%
he
86%
my
86%
My
86%
Oh,
86%
one
86%
this
86%
to
86%
Where
86%
begin?
83%
in
83%
Is
83%
is
83%
it?
83%
of
83%
out
83%
So
83%
there
83%
we
83%
15
79%
Been
79%
been
79%
black
79%
darling?
79%
Did
79%
find
79%
for
79%
I'm
79%
lost
79%
minute,
79%
only
79%
pounds,
79%
sick
79%
then
79%
what
79%
when
79%
with
79%
along
76%
always
76%
back
76%
behind
76%
big
76%
both
76%
circling
76%
dear
76%
dog,
76%
feel
76%
focus
76%
gained
76%
hands
76%
here
76%
I've
76%
keeping
76%
know
76%
let's
76%
meaning
76%
moment
76%
ocean
76%
pretend
76%
something
76%
thing
76%
trails
76%
trying
76%
bullshit
72%
burden
72%
disappear
72%
emptiness
72%
fly
72%
got
72%
key
72%
knows
72%
left
72%
looking
72%
lose
72%
met
72%
mind
72%
mouth
72%
never
72%
refuse
72%
slow
72%
still
72%
swim
72%
things
72%
unspoken
72%
Until
72%
word
72%
feared
69%
honey,
69%
Honey,
69%
honey
69%
parents
69%
somehow,
69%
sometimes
69%
split
69%
suffocate
69%
why
69%
all
66%
don't
66%
finding
66%
him?
66%
just
66%
Love
66%
purpose
66%
said
66%
alone"
62%
blue,
62%
blue
62%
comes
62%
Deep
62%
deep
62%
goes
62%
not
62%
now
62%
talk
62%
'Cause
59%
'Cause,
59%
won't
59%
admit
55%
Ooh
55%
"You're
55%
small
52%
world
52%
if
48%
05072
45%
Tell
45%
what's
45%
waiting
41%
leave
38%
that's
24%
No matching quizzes found
Score Distribution
Percent of People with Each Score
Percentile by Number Answered
Your Score History
You have not taken this quiz